000 01168nam a2200313 a 4500
001 000113206
003 CHAP
005 20220329144343.0
008 170516s2016 mx a fsm |||||||spa d
010 _a109667
011 _a110639
040 _cCHAP
090 _aTesis
100 1 _aOlguín Pérez, Alfredo Martín
_9132233
245 1 0 _aEvolucion histórica, situación actual y perspectiva de las cooperativas cafetaleras de Huatusco, Veracruz /
_h[En línea]
_cpor Alfredo Martín Olguín Pérez.
260 _aChapingo, Méx. :
_bEl autor,
_c2016.
500 _aPara ver el contenido del material haga clic en la liga
502 _aTesis (M.C. en Sociología Rural) -- UACH. Departamento de Sociología Rural
590 _aE8697GMM
_b05
_c20170516
_lUCH01
_h1212
590 _aE8697GMM
_b05
_c20170516
_lUCH01
_h1317
650 1 4 _aCafé
_xOrganización de productores.
_9132166
650 1 4 _aCafé
_xProducción.
_9129779
650 1 4 _aCafé
_xSociedades cooperativas.
_917202
650 1 4 _aCooperativismo
_xMéxico.
_927800
856 _aFinding aid
_uhttp://10.13.5.2/tesis/sist113206.pdf
_zTeclea aquí
901 _aBK
942 _cTESIS
942 _n0
999 _c109667
_d109667